Statistics for World Capitals Closest to Singapore - One Minute Sprint

Click here to take the quiz!

General Stats

  • This quiz has been taken 18 times
  • The average score is 10 of 20

Answer Stats

kmcapitalmiles% Correct
309Kuala Lumpur192
94%
902Jakarta560
89%
1426Bangkok886
78%
2198Hanoi1366
78%
4142New Delhi2574
78%
4465Beijing2775
61%
2881Dhaka1790
56%
1142Phnom Penh710
56%
2391Manila1486
50%
1296Bandar Seri Begawan805
44%
3250Taipei2019
44%
2720Colombo1690
39%
2652Dili1648
39%
1855Vientiane1153
39%
3380Malé2101
33%
2210Naypyidaw1373
33%
3274Thimphu2034
33%
4813Islamabad2991
28%
3530Kathmandu2194
28%
3481Ngerulmud2163
11%

Score Distribution

Percentile by Number Answered

Percent of People with Each Score

Your Score History

You have not taken this quiz